Motivácia v procese nepretržitých zmien
Zmena a jej odraz v manažmente ľudských zdrojov. Vzťahy zamestnávateľ a zamestnanec. Motivácia ako hnacia sila. Motivácia vybraných jedincov. Charakteristika vybraných osobnostných rysov. Faktory motivácie podľa osobnostných rysov. Úprava správania a komunikácia s vybranými typmi osobností.
Guardado en:
| Autor principal: | |
|---|---|
| Formato: | Capítulo de libro |
| Lenguaje: | eslovaco |
| Materias: | |
| Etiquetas: |
Sin Etiquetas, Sea el primero en etiquetar este registro!
|
MARC
| LEADER | 00000naa$a2200000$$$4500 | ||
|---|---|---|---|
| 001 | 0096821 | ||
| 005 | 20240502072056.0 | ||
| 041 | 0 | |a slo | |
| 044 | |a SK | ||
| 245 | 1 | 0 | |a Motivácia v procese nepretržitých zmien |c Marta Matulčíková |
| 520 | |a Zmena a jej odraz v manažmente ľudských zdrojov. Vzťahy zamestnávateľ a zamestnanec. Motivácia ako hnacia sila. Motivácia vybraných jedincov. Charakteristika vybraných osobnostných rysov. Faktory motivácie podľa osobnostných rysov. Úprava správania a komunikácia s vybranými typmi osobností. | ||
| 610 | 2 | 0 | |a riadenie ľudských zdrojov |
| 610 | 2 | 0 | |a kapitál intelektuálny |
| 610 | 2 | 0 | |a kapitál ľudský |
| 610 | 2 | 0 | |a riadenie zmien |
| 610 | 2 | 0 | |a motivácia pracovná |
| 610 | 2 | 0 | |a kultúra podniková |
| 610 | 2 | 0 | |a komunikácia manažérska |
| 610 | 2 | 0 | |a osobnosť |
| 100 | 1 | |a Matulčíková, Marta, 1964- | |